000 00240nam a2200097Ia 4500
008 240331s9999 xx 000 0 und d
082 _bLOC
100 _aLynes,K. ed
245 0 _aFrom local to global :
_bmaking peace work for women
942 _cL
999 _c1340
_d1340